| 000 | 00415 a2200157 4500 | ||
|---|---|---|---|
| 999 |
_c320940 _d320940 |
||
| 001 | 85867 | ||
| 003 | NUST | ||
| 005 | 20180121141045.0 | ||
| 008 | 180121b xxu||||| |||| 00| 0 eng d | ||
| 020 | _a9781591395058 | ||
| 082 | _a658.8 MAN | ||
| 100 |
_aHarvard Business School _99350 |
||
| 245 |
_aWhen marketing becomes a minefield _hEnglish |
||
| 250 | _a1st | ||
| 260 |
_aBoston _bHarvard Business School Press _c2004 |
||
| 300 | _a187p. | ||
| 500 | _aGifted By AM Masood Akhtar | ||
| 942 |
_acaenust _cBK _k658.8 MAN _2ddc |
||